Detalles MARC
| 000 -CABECERA |
| campo de control de longitud fija |
01488nam a2200289 a 4500 |
| 001 - NÚMERO DE CONTROL |
| campo de control |
000020896 |
| 003 - IDENTIFICADOR DEL NÚMERO DE CONTROL |
| campo de control |
DO-SdBNP |
| 005 - FECHA Y HORA DE LA ÚLTIMA TRANSACCIÓN |
| campo de control |
20250411120249.0 |
| 008 - DATOS DE LONGITUD FIJA--INFORMACIÓN GENERAL |
| campo de control de longitud fija |
091012s1996 dr 001 0 spa d |
| 020 ## - NÚMERO INTERNACIONAL ESTÁNDAR DEL LIBRO |
| Número Internacional Estándar del Libro |
8489546045 |
| 040 ## - FUENTE DE LA CATALOGACIÓN |
| Centro catalogador/agencia de origen |
DO-SdBNP |
| Lengua de catalogación |
spa |
| Centro/agencia transcriptor |
BNPHU |
| 082 ## - NÚMERO DE LA CLASIFICACIÓN DECIMAL DEWEY |
| Número de clasificación |
972.93054 |
| Número de documento/Ítem |
L296c, 1996 |
| 100 1# - ENTRADA PRINCIPAL--NOMBRE DE PERSONA |
| Nombre de persona |
Lantigua, José Rafael, |
| Fechas asociadas al nombre |
1949- |
| 9 (RLIN) |
1438 |
| 245 13 - MENCIÓN DE TÍTULO |
| Título |
La conjura del tiempo : |
| Resto del título |
memorias del hombre dominicano / |
| Mención de responsabilidad, etc. |
José Rafael Lantigua. |
| 250 ## - MENCIÓN DE EDICIÓN |
| Mención de edición |
2a. ed. corr. y ampl. |
| 260 ## - PUBLICACIÓN, DISTRIBUCIÓN, ETC. |
| Lugar de publicación, distribución, etc. |
Santo Domingo : |
| Nombre del editor, distribuidor, etc. |
Amigo del Hogar, |
| Fecha de publicación, distribución, etc. |
1996. |
| 300 ## - DESCRIPCIÓN FÍSICA |
| Extensión |
600 p. : |
| Otras características físicas |
23 cm. |
| 500 ## - NOTA GENERAL |
| Nota general |
Incluye índice onomástico. |
| 500 ## - NOTA GENERAL |
| Nota general |
Incluye referencias bibliográficas y notas al pie de las páginas. |
| 504 ## - NOTA DE BIBLIOGRAFÍA, ETC. |
| Nota de bibliografía, etc. |
Incluye datos bibliográficos al final de los capítulos. |
| 505 0# - NOTA DE CONTENIDO CON FORMATO |
| Título |
Ascenso, descenso y destino de la Era de Trujillo -- |
| -- |
Trujillo: en elogio de sus virtudes -- |
| -- |
La revolución cívica de la Turbamulta -- |
| -- |
La revolución cívica de la Turbamulta -- |
| -- |
El traspaso de los mandos -- |
| -- |
De hombres mixtilíneos y etapas sombrías -- |
| -- |
La utopía mancillada -- |
| -- |
Troquelando una imagen -- |
| -- |
Sobre las ruedas del poder -- |
| -- |
De olvidos, malditismos y desechos -- |
| -- |
De mojaítos, misereres y desarraigos -- |
| -- |
El entierro de los íconos. |
| 590 ## - NOTA LOCAL (RLIN) |
| Nota local |
Inventariado, 2019/MFF |
| 600 10 - PUNTO DE ACCESO ADICIONAL DE MATERIA--NOMBRE DE PERSONA |
| Nombre de persona |
Trujillo Molina, Rafael Leónidas, |
| Fechas asociadas al nombre |
1891-1961 |
| 9 (RLIN) |
76764 |
| 651 #0 - PUNTO DE ACCESO ADICIONAL DE MATERIA--NOMBRE GEOGRÁFICO |
| Nombre geográfico |
República Dominicana -- |
| Subdivisión general |
Historia -- |
| Subdivisión cronológica |
1961- |
| 9 (RLIN) |
6572 |
| 910 ## - DATOS DE OPCIÓN DEL USUARIO (OCLC) |
| Datos de opción del usuario |
Validado. Control de calidad MMOLINA |
| 942 ## - ELEMENTOS DE PUNTO DE ACCESO ADICIONAL (KOHA) |
| Fuente del sistema de clasificación o colocación |
Dewey Decimal Classification |
| Tipo de ítem Koha |
Libros y folletos |